Φορτώνει......
Pollution in Horticulture
| Κύριος συγγραφέας: | |
|---|---|
| Μορφή: | Printed Book |
| Γλώσσα: | Undetermined English |
| Έκδοση: |
Amsterdam
Elsevier scientific publishing company
1978
|
| Θέματα: |
| LEADER | 00649nam a2200181Ia 4500 | ||
|---|---|---|---|
| 008 | 140306s9999 xx 000 0 und d | ||
| 041 | |a eng | ||
| 082 | |a 628.5 |b ORM/PO | ||
| 100 | |a Ormord, D.P | ||
| 245 | |a Pollution in Horticulture | ||
| 260 | |a Amsterdam |b Elsevier scientific publishing company |c 1978 | ||
| 300 | |a 260 | ||
| 365 | |b Rs.78.00 | ||
| 440 | |v Fundamental and aspectes of pollution control environmental science | ||
| 650 | |a Pesticide pollution | ||
| 942 | |2 ddc |c BK | ||
| 999 | |c 117317 |d 117317 | ||
| 952 | |0 0 |1 0 |2 ddc |4 0 |6 628_500000000000000_ORMPO |7 0 |9 116211 |a KAUHCV |b KAUHCV |d 2004-04-29 |g 78.00 |o 628.5 ORM/PO |p KAU_HCV-8116 |r 2014-03-22 |w 2014-03-22 |y BK | ||